00817nam a2200181Ia 4500999001500000003000900015005001700024008004100041040002800082090001800110110006300128245012500191260008000316300004500396650003600441942001200477952014600489 c2709d2709DO-SdBJH20180416225022.0180414s9999 dr 000 0 spa d aDO-SdBJHbspacDO-SdBJH aDM I-100 2006 aInstituto de Cooperación para la Seguridad Hemisférica10aI 100: Introducción a las operaciones de estabilización / Instituto de Cooperación para la Seguridad Hemisférica aFuerte Benning, Georgia : Cuartel General Secretaría del Ejército, 2006 aii, 126 páginas en varias paginaciones 4aOperaciones -- Estabilización 2ddccBK 00102ddc40708DMaBEGEMbBEGEMcGENd2018-04-14i18-EERD-01107l0oDM I-100 2006p18-EERD-01107r2018-04-14 00:00:00tEj.1w2018-04-14yBK